| 000 | 00319nam a2200109 4500 | ||
|---|---|---|---|
| 999 |
_c9486 _d9486 |
||
| 008 | 180705b ||||| |||| 00| 0 eng d | ||
| 245 | _aTelling stories through effective photography. | ||
| 260 |
_aPhilippines _bPhilippine Daily Inquirer _cc2016 |
||
| 300 | _apage B2-3. | ||
| 650 | 0 |
_928196 _aPhotography. |
|
| 942 |
_2ddc _cPER |
||